Über die Anzahl von Lösungen elliptischer Randwertprobleme unter nichtlinearen Randbedingungen Dissertation

Salvato in:
Dettagli Bibliografici
Autore principale: Inkmann, Friedhelm
Natura: Libro
Lingua:tedesco
Pubblicazione: Bochum Ruhr-Universität 1979
Tags: Aggiungi Tag
Nessun Tag, puoi essere il primo ad aggiungerne!!

MARC

LEADER 00000nam a2200000 4500
001 c142360
005 20140320091130.5
041 0 |a ger 
044 |a DE 
245 1 0 |a Über die Anzahl von Lösungen elliptischer Randwertprobleme unter nichtlinearen Randbedingungen  |b Dissertation  |c Friedhelm Inkmann 
264 1 |a Bochum  |b Ruhr-Universität  |c 1979 
300 |a 86 s. 
100 1 |a Inkmann, Friedhelm